Los secretos del abuelo sapo / (Registro nro. 30619)

Detalles MARC
000 -LEADER
fixed length control field 00257nam a22000977a 4500
008 - FIXED-LENGTH DATA ELEMENTS--GENERAL INFORMATION
fixed length control field 240219b |||||||| |||| 00| 0 eng d
082 ## - DEWEY DECIMAL CLASSIFICATION NUMBER
Classification number KASS Ej.1
100 10 - MAIN ENTRY--PERSONAL NAME
Personal name Kasza, Keiko
Relator term autor
9 (RLIN) 3534
245 ## - TITLE STATEMENT
Title Los secretos del abuelo sapo /
Statement of responsibility, etc. Keiko Kasza
942 ## - ADDED ENTRY ELEMENTS (KOHA)
Source of classification or shelving scheme Dewey Decimal Classification
Existencias
Withdrawn status Lost status Source of classification or shelving scheme Damaged status Not for loan Home library Current library Date acquired Total Checkouts Full call number Barcode Date last seen Date last checked out Price effective from Non-public note Koha item type Public note
    Dewey Decimal Classification     Biblored Biblioteca Pública José María del Castillo y Rada 02/19/2024 2 KASS Ej.1 35714005383469 04/24/2024 04/22/2024 02/19/2024 sucio general Books Material Interbibliotecario BibloRed